[Event "Women's Speed Chess Q6"]
[Site "chess.com INT"]
[Date "2021.06.05"]
[Round "11"]
[White "Komiagina, Maria"]
[Black "Von Herman, Brigitte"]
[Result "0-1"]
[WhiteTitle "WIM"]
[BlackTitle "WFM"]
[WhiteElo "2241"]
[BlackElo "1991"]
[WhiteFideId "4153987"]
[BlackFideId "4628730"]
[EventDate "2021.06.05"]

1. e4 e5 2. Nf3 Nc6 3. Bb5 a6 4. Ba4 Nf6 5. d3 Be7 6. O-O b5 7. Bb3 d6 8. h3 O-O
9. c3 Na5 10. Bc2 c5 11. Re1 Nc6 12. Nbd2 Re8 13. Nf1 Be6 14. Ng3 h6 15. a3 Qc7
16. b4 c4 17. d4 Bc8 18. d5 Nb8 19. a4 bxa4 20. Bxa4 Bd7 21. Bxd7 Nbxd7 22. Nf5
Bf8 23. Qe2 a5 24. Rxa5 Rxa5 25. bxa5 Qxa5 26. Qxc4 Nc5 27. Bd2 Rb8 28. Ng3 Rb2
29. Be3 Nfd7 30. Kh2 g6 31. Re2 Rb1 32. Rc2 Qa1 33. Qe2 h5 34. h4 Nf6 35. Kh3
Ncxe4 36. Nxe4 Nxe4 37. Qd3 Nf6 38. Ng5 Ng4 39. Kg3 Be7 40. Ne4 f5 41. Ng5 f4+
42. Bxf4 exf4+ 43. Kxf4 Ne5 44. Qg3 Qa4+ 45. Ne4 Re1 46. f3 Kg7 47. Qxe1 Nd3+
48. Ke3 Nxe1 0-1

[Event "Women's Speed Chess Q6"]
[Site "chess.com INT"]
[Date "2021.06.05"]
[Round "11"]
[White "Corrales Jimenez, Zenia"]
[Black "Matveeva, Olga"]
[Result "0-1"]
[WhiteTitle "WIM"]
[BlackTitle "WIM"]
[WhiteElo "2189"]
[BlackElo "2145"]
[WhiteFideId "3506355"]
[BlackFideId "24107018"]
[EventDate "2021.06.05"]

1. e4 e6 2. d4 d5 3. Bd3 dxe4 4. Bxe4 Nf6 5. Bf3 c5 6. Ne2 cxd4 7. Qxd4 Qxd4 8.
Nxd4 a6 9. O-O Bc5 10. Be3 Nbd7 11. g3 O-O 12. Bg2 Rb8 13. Nd2 Ng4 14. N2b3 Nxe3
15. fxe3 Ba7 16. Rad1 g6 17. Kh1 e5 18. Nf3 Bxe3 19. Rfe1 Bf2 20. Re2 Ba7 21.
Nxe5 Nxe5 22. Rxe5 Bg4 23. Rde1 Rfd8 24. h3 Be6 25. Kh2 Kg7 26. c3 Rd6 27. Na5
Rd2 28. R1e2 Rd1 29. Nxb7 Bg1+ 30. Kh1 Bf2+ 31. Bf1 Bxg3 32. Rxe6 fxe6 33. Nc5
Rxf1+ 34. Kg2 Rf2+ 35. Rxf2 Bxf2 36. Kxf2 Rxb2+ 37. Ke3 Kf6 38. Nxa6 Rxa2 39.
Nb4 Rh2 40. Ke4 Rxh3 41. c4 Rc3 42. Kd4 Rc1 43. c5 h5 44. c6 h4 45. Kd3 h3 46.
Nc2 Ke7 47. c7 Kd7 48. Kd2 Rxc2+ 49. Kxc2 h2 50. Kd3 h1=Q 51. Kd4 Kxc7 52. Ke5
Qh5+ 53. Kxe6 Qc5 54. Kf6 Qd5 55. Kxg6 Qe5 56. Kh6 Qg3 57. Kh7 Kd7 58. Kh6 Ke7
59. Kh5 Kf6 60. Kh6 Qg6# 0-1

[Event "Women's Speed Chess Q6"]
[Site "chess.com INT"]
[Date "2021.06.05"]
[Round "11"]
[White "Arabidze, Meri"]
[Black "Perez Rodriguez, Jennifer"]
[Result "1-0"]
[WhiteTitle "IM"]
[BlackTitle "WIM"]
[WhiteElo "2432"]
[BlackElo "2251"]
[WhiteFideId "13604040"]
[BlackFideId "3507831"]
[EventDate "2021.06.05"]

1. Nf3 Nf6 2. d4 d5 3. c4 c6 4. Nc3 e6 5. e3 Be7 6. Qc2 O-O 7. b3 b6 8. Bb2 Bb7
9. Bd3 Nbd7 10. O-O Rc8 11. Rfd1 Qc7 12. Rac1 Qb8 13. Ne2 c5 14. Ng3 dxc4 15.
bxc4 Qa8 16. d5 exd5 17. Nf5 Rfe8 18. Nxe7+ Rxe7 19. Nh4 Ree8 20. Nf5 Qb8 21.
cxd5 Bxd5 22. e4 Bc6 23. Qc3 Rcd8 24. Bc4 Qe5 25. Qxe5 Nxe5 26. Rxd8 Rxd8 27.
Bxe5 Bxe4 28. Nd6 Bd5 29. f4 Bxc4 30. Nxc4 Ne4 31. f5 f6 32. Bf4 Rd4 33. Be3 Rd3
34. Bf4 Nc3 35. Kf2 Nxa2 36. Re1 Rd4 37. Nd6 Rxf4+ 38. Kg3 g5 39. fxg6 Rd4 40.
Re8+ Kg7 41. Nf5+ Kxg6 42. Nxd4 cxd4 43. Rd8 Kf5 44. Rxd4 Ke5 45. Rd7 a5 46. Rb7
Nb4 47. Rxb6 f5 48. Rb5+ Nd5 49. Rxa5 f4+ 50. Kf3 h5 51. Rxd5+ Kxd5 52. Kxf4 Ke6
53. Kg5 Kf7 54. Kxh5 Kg7 55. g4 1-0

[Event "Women's Speed Chess Q6"]
[Site "chess.com INT"]
[Date "2021.06.05"]
[Round "11"]
[White "Sukandar, Irine Kharisma"]
[Black "Babiy, Olga"]
[Result "1-0"]
[WhiteTitle "IM"]
[BlackTitle "WGM"]
[WhiteElo "2413"]
[BlackElo "2280"]
[WhiteFideId "7101937"]
[BlackFideId "14117258"]
[EventDate "2021.06.05"]

1. d4 d5 2. Bf4 Nf6 3. e3 c5 4. c3 Nc6 5. Nd2 g6 6. Bd3 Qb6 7. Rb1 cxd4 8. exd4
Bf5 9. Bxf5 gxf5 10. Ngf3 e6 11. O-O Rg8 12. Ne5 Ne4 13. f3 Nxd2 14. Qxd2 Bg7
15. Rfe1 Nxe5 16. Bxe5 Bxe5 17. Rxe5 O-O-O 18. a4 Qb3 19. Qd1 Qb6 20. b4 Kb8 21.
Qd3 Rc8 22. a5 Qc6 23. Rb3 Qa4 24. Qb1 Rc4 25. Re2 Rgc8 26. Rc2 Qb5 27. Ra3 a6
28. h3 R4c7 29. Qe1 Qd3 30. Rd2 Qb5 31. Rc2 Ka8 32. Qe3 Rg8 33. Kh2 Rcc8 34. Ra1
Qd7 35. Qf4 Rc6 36. Re1 Rgc8 37. Re3 Qd8 38. Qg3 Qd7 39. Qf4 R6c7 40. Qh6 Qa4
41. Rc1 Qa3 42. Rd3 Qb2 43. h4 Rg8 44. Rg1 Rxc3 45. Rxc3 Qxc3 46. Qxh7 Rg6 47.
Qxf7 Rh6 48. Qf8+ Ka7 49. Qxh6 Qxb4 50. Qf4 Qf8 51. h5 Qh8 52. h6 Qh7 53. Rb1
Qg6 54. Rb6 Qh5+ 55. Kg1 Qe8 56. Qc7 1-0

[Event "Women's Speed Chess Q6"]
[Site "chess.com INT"]
[Date "2021.06.05"]
[Round "11"]
[White "Socko, Monika"]
[Black "Batsiashvili, Nino"]
[Result "1-0"]
[WhiteTitle "GM"]
[BlackTitle "GM"]
[WhiteElo "2393"]
[BlackElo "2491"]
[WhiteFideId "1106619"]
[BlackFideId "13602993"]
[EventDate "2021.06.05"]

1. e4 c6 2. d4 d5 3. exd5 cxd5 4. Bd3 Nc6 5. c3 g6 6. Nf3 Bf5 7. Bxf5 gxf5 8.
Bf4 Nf6 9. Ne5 e6 10. Qb3 Qc8 11. Nxc6 Qxc6 12. Be5 Be7 13. Nd2 Rg8 14. Bxf6
Bxf6 15. g3 O-O-O 16. f4 h5 17. Nf3 h4 18. Kf2 Rg4 19. Rac1 Kb8 20. a4 Rdg8 21.
Rcg1 Rh8 22. Qc2 Qe8 23. b3 Qg8 24. gxh4 Bxh4+ 25. Ke3 Bf6 26. h3 Rxg1 27. Rxg1
Qf8 28. Qg2 Qh6 29. h4 a6 30. b4 Qf8 31. b5 axb5 32. axb5 Qc8 33. Qb2 Bxh4 34.
b6 Bf6 35. Qa3 Qc6 36. Rb1 Kc8 37. Ne5 Bxe5 38. fxe5 Kd7 39. Kf4 Rh4+ 40. Kg5
Rh8 41. Kf4 Rc8 42. Rb3 Rh8 43. Qa7 Rg8 44. Ra3 Rg4+ 45. Kf3 Rh4 46. Qb8 Rh3+
47. Kf4 Rxc3 48. Rxc3 Qxc3 49. Qxb7+ Kd8 50. Qb8+ Kd7 51. Qd6+ Kc8 52. Qf8+ Kb7
53. Qxf7+ Kxb6 54. Qxe6+ Kb5 55. Qxd5+ Kb4 56. Kxf5 1-0

[Event "Women's Speed Chess Q6"]
[Site "chess.com INT"]
[Date "2021.06.05"]
[Round "11"]
[White "Sikorova, Olga"]
[Black "Sviridova, Vlada"]
[Result "0-1"]
[WhiteTitle "WGM"]
[BlackTitle "WFM"]
[WhiteElo "2215"]
[BlackElo "2144"]
[WhiteFideId "307033"]
[BlackFideId "24109606"]
[EventDate "2021.06.05"]

1. c4 c6 2. g3 d5 3. Bg2 Nf6 4. Nf3 e6 5. b3 Be7 6. O-O O-O 7. Bb2 Nbd7 8. d3 b6
9. Nc3 Bb7 10. e4 c5 11. cxd5 exd5 12. e5 Ne8 13. d4 Nc7 14. Ne2 Ne6 15. Rc1 Rc8
16. Qd2 b5 17. dxc5 Ndxc5 18. Ned4 Ne4 19. Qe2 a6 20. Bh3 Qb6 21. Nf5 Bc5 22.
Ne3 d4 23. Nd1 d3 24. Qxd3 Rcd8 25. Qe2 b4 26. Ne3 a5 27. Rfd1 Rxd1+ 28. Rxd1
Rd8 29. Rxd8+ Qxd8 30. Ne1 N4g5 31. Bf1 Qa8 32. Bg2 Bxg2 33. N1xg2 Nf3+ 34. Kh1
Nfd4 35. Bxd4 Bxd4 36. Nc4 h6 37. Kg1 a4 38. bxa4 Qxa4 39. Ne1 Qb5 40. Kf1 b3
41. axb3 Qxb3 42. Nf3 Bc5 43. Nd6 Qd5 44. Nf5 Kh7 45. Ne3 Qe4 46. Nd1 Qa4 47.
Qd3+ g6 48. Kg2 Qa1 49. Ne3 Qa8 50. Nc4 Ng5 51. h4 Ne6 52. Nd6 Qa7 0-1

[Event "Women's Speed Chess Q6"]
[Site "chess.com INT"]
[Date "2021.06.05"]
[Round "11"]
[White "Kashlinskaya, Alina"]
[Black "Eswaran, Ashritha"]
[Result "1/2-1/2"]
[WhiteTitle "IM"]
[BlackTitle "WIM"]
[WhiteElo "2494"]
[BlackElo "2244"]
[WhiteFideId "4198026"]
[BlackFideId "2080788"]
[EventDate "2021.06.05"]

1. d4 Nf6 2. c4 e6 3. Nc3 Bb4 4. e3 O-O 5. Ne2 d5 6. a3 Be7 7. cxd5 exd5 8. g3
b6 9. Bg2 Bb7 10. O-O Nbd7 11. Nf4 c6 12. b4 Rc8 13. b5 g5 14. bxc6 gxf4 15.
cxb7 Rxc3 16. exf4 Re8 17. f5 Bf8 18. Bf4 b5 19. Rc1 Rc4 20. Rxc4 dxc4 21. g4
Qb6 22. Re1 Rxe1+ 23. Qxe1 Qxd4 24. Be5 Qb6 25. g5 Nxe5 26. Qxe5 Nd7 27. Qe8 Qc7
28. Bd5 Nb8 29. g6 hxg6 30. fxg6 c3 31. Qe3 c2 32. gxf7+ Kh7 33. Qe4+ Kg7 34.
Qg4+ Kf6 35. Qh4+ Kg6 36. Qg4+ Kf6 37. Qh4+ Kg6 38. Be4+ Kg7 39. Qh7+ Kf6 40.
Qf5+ Ke7 41. Bxc2 a6 42. Bb3 Kd8 43. Qg5+ Qe7 44. Qd5+ Kc7 45. Bc2 Qc5 46. Qd3
Kxb7 47. Qf3+ Kb6 48. Be4 Nd7 49. h4 Qc1+ 50. Kg2 Qh6 51. h5 Qg5+ 52. Kf1 Ne5
53. Qc3 Nc4 54. Qd4+ Ka5 55. Ke2 Bh6 56. Kf1 Qc1+ 57. Kg2 Qg5+ 58. Kf1 Qc1+ 59.
Kg2 Qg5+ 60. Kf1 1/2-1/2

[Event "Women's Speed Chess Q6"]
[Site "chess.com INT"]
[Date "2021.06.05"]
[Round "11"]
[White "Novikova, Anna"]
[Black "Belenkaya, Dina"]
[Result "0-1"]
[WhiteTitle "WIM"]
[BlackTitle "WGM"]
[WhiteElo "2247"]
[BlackElo "2341"]
[WhiteFideId "4146794"]
[BlackFideId "24142654"]
[EventDate "2021.06.05"]

1. e4 d5 2. exd5 Qxd5 3. d4 Nc6 4. Nc3 Qxd4 5. Bd3 Bg4 6. Nge2 Qd7 7. h3 Bf5 8.
Bxf5 Qxf5 9. O-O Rd8 10. Qe1 Nf6 11. Ng3 Qxc2 12. Nb5 Nd5 13. Be3 a6 14. Nd4
Nxd4 15. Bxd4 e6 16. Rc1 Qd3 17. Rd1 Qb5 18. Nf5 Nf6 19. Bxf6 Rxd1 20. Qxd1 gxf6
21. Nd4 Qd5 22. Qg4 h5 23. Qd1 Rg8 24. Nf3 Qxd1 25. Rxd1 Bd6 26. a3 Ke7 27. Kf1
Rd8 28. Rc1 c5 29. Ke2 b5 30. g3 f5 31. h4 Rc8 32. Rc2 c4 33. Nd4 Be5 34. Nf3
Bf6 35. Nd2 Bd4 36. f4 f6 37. Nf3 e5 38. Kd2 Ke6 39. Ke2 Kd5 40. fxe5 fxe5 41.
Ng5 a5 42. Rd2 b4 43. axb4 axb4 44. Nf7 c3 45. bxc3 bxc3 46. Rc2 Rb8 47. Nh6 Rb2
48. Kd1 Rb1+ 49. Ke2 Rb2 50. Kd1 Ke4 51. Rxb2 cxb2 52. Kc2 Bf2 53. Kxb2 Bxg3 54.
Nf7 Bxh4 55. Kc2 Be7 56. Kd2 f4 57. Ke2 f3+ 58. Kf1 Kf4 59. Nh6 e4 60. Ng8 Bh4
61. Nh6 e3 62. Nf7 e2+ 63. Kg1 e1=Q+ 64. Kh2 Qg3+ 65. Kh1 Qg2# 0-1

[Event "Women's Speed Chess Q6"]
[Site "chess.com INT"]
[Date "2021.06.05"]
[Round "11"]
[White "Paehtz, Elisabeth"]
[Black "Frayna, Janelle Mae"]
[Result "0-1"]
[WhiteTitle "IM"]
[BlackTitle "WGM"]
[WhiteElo "2456"]
[BlackElo "2179"]
[WhiteFideId "4641833"]
[BlackFideId "5212499"]
[EventDate "2021.06.05"]

1. d4 Nf6 2. Nf3 g6 3. Bg5 Bg7 4. Nbd2 O-O 5. c3 d6 6. e4 c5 7. dxc5 dxc5 8. Bc4
Nc6 9. Qe2 Qc7 10. h3 Na5 11. Bd3 h6 12. Be3 b6 13. e5 Nd5 14. Be4 Bb7 15. e6 f5
16. Bxd5 Bxd5 17. g3 g5 18. c4 Bc6 19. Rg1 f4 20. gxf4 gxf4 21. Nh4 fxe3 22.
fxe3 Qe5 23. Ng6 Qxb2 24. Nxe7+ Kh8 25. Ng6+ Kh7 26. Rd1 Qf6 27. e7 Rf7 28. e4
Rxe7 29. Nxe7 Qxe7 30. Qg4 Rf8 31. Ke2 Qe5 32. Rdf1 Rxf1 33. Kxf1 Be8 34. Nf3
Qc3 35. Kg2 Qxc4 36. Kh1 Qf7 37. Nh4 Bd7 38. Nf5 Bxf5 39. exf5 Nc6 40. Qe4 Qf6
41. Rg6 Qa1+ 42. Kg2 Ne5 43. Re6 Qb2+ 44. Kh1 Qc1+ 45. Kh2 Qb2+ 46. Kh1 Qd4 47.
Qc2 Qd5+ 48. Kh2 Nf3+ 49. Kg3 Be5+ 50. Kf2 Nd4 51. Qd3 Bg3+ 52. Kg1 Nf3+ 53. Kf1
Qxd3+ 0-1

[Event "Women's Speed Chess Q6"]
[Site "chess.com INT"]
[Date "2021.06.05"]
[Round "11"]
[White "Purtseladze, Maka"]
[Black "Nurmanova, Alua"]
[Result "1-0"]
[WhiteTitle "IM"]
[BlackTitle "WFM"]
[WhiteElo "2274"]
[BlackElo "2093"]
[WhiteFideId "13602659"]
[BlackFideId "13729390"]
[EventDate "2021.06.05"]

1. b3 Nf6 2. Bb2 g6 3. Bxf6 exf6 4. c4 Bg7 5. Nc3 O-O 6. g3 c5 7. Bg2 Nc6 8. e3
f5 9. Nge2 Re8 10. O-O d6 11. Nf4 Be6 12. Rb1 a6 13. a3 Qa5 14. Qc1 Ne5 15. Bxb7
Rab8 16. Bg2 g5 17. Nfd5 g4 18. Nf4 Qd8 19. Ncd5 Qg5 20. d4 Nf3+ 21. Bxf3 gxf3
22. dxc5 dxc5 23. Qd1 Qg4 24. h3 Qg5 25. Qxf3 Be5 26. Rfd1 Rbd8 27. b4 Bd6 28.
b5 axb5 29. cxb5 Bc8 30. h4 Qh6 31. b6 Bb7 32. Nf6+ Qxf6 33. Qxb7 Bxf4 34. exf4
Rd4 35. Rxd4 Qxd4 36. Qf3 Qd2 37. b7 Re1+ 38. Rxe1 Qxe1+ 39. Kg2 Qb1 40. Qc6 Kg7
41. Qc8 Qe4+ 42. Kh2 Qf3 43. Kg1 Qd1+ 44. Kg2 Qd5+ 45. Kf1 Qd1+ 46. Kg2 Qd5+ 47.
Kh2 Qf3 48. Qxc5 Qxb7 49. Qxf5 Qf3 50. Qg5+ Kf8 51. Qc5+ Kg7 52. Qe3 Qd1 53.
Qe5+ Kg8 54. Qe8+ Kg7 55. Qe5+ Kg8 56. Qg5+ Kf8 57. Qc5+ Kg8 58. Qb4 Qf3 59. Qb2
Qd1 60. Qa2 Qa4 61. Qb2 Kf8 62. Qb4+ Qxb4 63. axb4 1-0

[Event "Women's Speed Chess Q6"]
[Site "chess.com INT"]
[Date "2021.06.05"]
[Round "11"]
[White "Dordzhieva, Dinara"]
[Black "Cori T., Deysi"]
[Result "1/2-1/2"]
[WhiteTitle "WGM"]
[BlackTitle "WGM"]
[WhiteElo "2311"]
[BlackElo "2388"]
[WhiteFideId "24157570"]
[BlackFideId "3801934"]
[EventDate "2021.06.05"]

1. Nf3 Nf6 2. d4 g6 3. c4 Bg7 4. g3 O-O 5. Bg2 c6 6. b3 d5 7. Bb2 Qa5+ 8. Nc3
dxc4 9. bxc4 Rd8 10. O-O Bg4 11. h3 Be6 12. Qb3 Nbd7 13. Rfd1 b5 14. Nd2 bxc4
15. Qc2 Nb6 16. Rac1 Rxd4 17. Nce4 Rdd8 18. Nxf6+ Bxf6 19. Bxf6 exf6 20. Bxc6
Rac8 21. Bg2 Bf5 22. e4 Be6 23. Nf3 Qa4 24. Rxd8+ Rxd8 25. Qc3 Nd7 26. Nd4 Ne5
27. f4 Nd3 28. Rf1 Qb4 29. Qxb4 Nxb4 30. Nxe6 fxe6 31. Rc1 Rd4 32. Bf1 Nd3 33.
Rc3 e5 34. fxe5 Nxe5 35. Kf2 Rxe4 36. Bg2 Rd4 37. Rc2 Kg7 38. g4 a5 39. Ke3 Rd3+
40. Kf2 Ra3 41. Bf1 Kf7 42. Kg1 Rg3+ 43. Kf2 Rf3+ 44. Kg1 Rf4 45. Kg2 Ke6 46.
Be2 Rd4 47. Kg3 g5 48. h4 h6 49. hxg5 hxg5 50. Kf2 Nxg4+ 51. Kg3 Ne5 52. Rc3 f5
53. Kf2 f4 54. Ra3 Rd5 55. Rc3 Rc5 56. Bh5 g4 57. Kg2 Kf5 58. Kf2 Kg5 59. Be8
Rc8 60. Ba4 g3+ 61. Kg2 Rd8 62. Bc2 Rd2+ 63. Kh3 f3 64. Kxg3 f2 65. Kg2 Ng4 66.
Rg3 Kf4 67. Bg6 Kg5 68. Be8 Kh4 69. Bd7 f1=Q+ 70. Kxf1 Kxg3 71. Bc6 Ne3+ 72. Ke1
c3 73. Bd5 Rb2 74. Be6 Kf4 75. Bd5 Ke5 76. a4 Kd4 77. Bc4 Kxc4 1/2-1/2

[Event "Women's Speed Chess Q6"]
[Site "chess.com INT"]
[Date "2021.06.05"]
[Round "11"]
[White "Chu, Ruotong"]
[Black "Mohota, Nisha"]
[Result "1-0"]
[WhiteTitle "WIM"]
[BlackTitle "IM"]
[WhiteElo "2207"]
[BlackElo "2195"]
[WhiteFideId "8605653"]
[BlackFideId "5004330"]
[EventDate "2021.06.05"]

1. d4 d5 2. Nf3 Nf6 3. g3 Bf5 4. Bg2 e6 5. O-O h6 6. c4 c6 7. Qb3 Qb6 8. c5 Qc7
9. Nc3 Be7 10. Bf4 Qc8 11. Nd2 O-O 12. e4 Bh7 13. e5 Ne8 14. Nd1 Nd7 15. h4 b6
16. cxb6 axb6 17. Ne3 c5 18. dxc5 Nxc5 19. Qc3 g5 20. hxg5 hxg5 21. Bxg5 Bxg5
22. f4 Be7 23. Ng4 Ne4 24. Nxe4 dxe4 25. Qe1 Bc5+ 26. Kh2 Kg7 27. Bxe4 Bxe4 28.
Qxe4 Rh8+ 29. Kg2 Ra7 30. f5 Qa8 31. f6+ Kf8 32. Qxa8 Rxa8 33. Rh1 Rg8 34. Kf3
Bd4 35. Rh7 Bxb2 36. Nh6 Ra7 37. Rh1 Bxe5 38. Nxg8 Nxf6 39. Nxf6 Bxf6 40. a4
Rxa4 41. R7h6 Ke7 42. Rh7 Ra3+ 43. Kg2 Be5 44. R1h3 b5 45. g4 Ra2+ 46. Kf1 b4
47. Rf3 Bf6 48. Rh6 Ra1+ 49. Ke2 Be5 50. Rh7 Bf6 51. Rb3 Ra2+ 52. Kd3 Ra4 53.
Rh3 Ra3 54. Kc4 Ra4 55. Rxb4 Ra1 56. Rb7+ Kd6 57. Rh7 Ra4+ 58. Kd3 Rxg4 59.
Rhxf7 Bg5 60. Rfd7+ Ke5 61. Rb5+ Kf6 62. Rbb7 Rg3+ 63. Ke4 Rg4+ 64. Kf3 Rf4+ 65.
Kg3 Ra4 66. Rf7+ Ke5 67. Rb5+ Kd6 68. Rxg5 Ra3+ 69. Rf3 Ra2 70. Re3 Ra1 71. Rge5
Rg1+ 72. Kf3 Rf1+ 73. Ke2 Rh1 74. Rxe6+ Kd7 75. R6e4 Rh2+ 76. Kf3 Rh3+ 77. Kg4
Rh1 78. Rd3+ Kc6 79. Rc4+ Kb5 80. Rc8 Rg1+ 81. Kf3 Rf1+ 82. Ke2 1-0

[Event "Women's Speed Chess Q6"]
[Site "chess.com INT"]
[Date "2021.06.05"]
[Round "11"]
[White "Kubicka, Anna"]
[Black "Linares Napoles, Oleiny"]
[Result "1/2-1/2"]
[WhiteTitle "WIM"]
[BlackTitle "WGM"]
[WhiteElo "2210"]
[BlackElo "2255"]
[WhiteFideId "1152254"]
[BlackFideId "3504794"]
[EventDate "2021.06.05"]

1. e4 d6 2. d4 g6 3. Nc3 Bg7 4. g3 Nf6 5. Bg2 O-O 6. Nge2 Nbd7 7. O-O a6 8. a4
c5 9. h3 Rb8 10. Be3 cxd4 11. Nxd4 Qc7 12. Qd2 Re8 13. a5 Ne5 14. b3 e6 15. f4
Ned7 16. Rad1 Nc5 17. b4 Ncd7 18. Qd3 b6 19. axb6 Nxb6 20. b5 Nc4 21. Nc6 Nxe3
22. Qxe3 Rb6 23. e5 dxe5 24. fxe5 Nd7 25. Qf2 Nxe5 26. Nxe5 Bxe5 27. Ne4 f5 28.
Ng5 Bxg3 29. Qd4 axb5 30. Kh1 Be5 31. Qf2 Bf6 32. Ne4 Bg7 33. Nc5 b4 34. Rd2 Rb5
35. Nb3 Bb7 36. Rfd1 Bxg2+ 37. Qxg2 Qb7 38. Rd7 Qxg2+ 39. Kxg2 Bf6 40. Rc7 Rd5
41. Re1 Re7 42. Rc8+ Kf7 43. Re2 e5 44. Nc5 e4 45. Na6 Be5 46. Nxb4 Rb5 47. Nc6
Rd7 48. c4 Rc5 49. Nd8+ Rxd8 50. Rxc5 Ke6 51. Ra2 Rd6 52. Raa5 Bd4 53. Rd5 Bb6
54. Rxd6+ Kxd6 55. Rd5+ Ke6 56. Kg3 Bc7+ 57. Kf2 f4 58. Ke2 Be5 59. Rd8 Kf5 60.
c5 f3+ 61. Ke3 Bf4+ 62. Kf2 Bg5 63. Rf8+ Ke5 64. c6 Kd6 65. Re8 e3+ 66. Kxf3
Kxc6 67. Rh8 h6 68. Rg8 Kd5 69. Rxg6 Kd4 70. Ke2 Ke4 71. h4 Bxh4 72. Rxh6 Bf2
73. Ra6 Kd4 74. Ra4+ Ke5 75. Kf3 Kd5 76. Ke2 Kc5 77. Kd3 Kd5 78. Rg4 Ke5 79.
Re4+ Kf5 80. Ra4 Kg5 81. Ke2 Kf5 82. Kf3 Ke5 83. Rb4 Kd5 84. Re4 Kc5 85. Re5+
Kc4 86. Ke2 Kd4 87. Ra5 Ke4 88. Ra4+ Ke5 89. Kd3 Kd5 90. Ra5+ Kc6 91. Rf5 Kd6
92. Rh5 Ke6 93. Ra5 Kf6 94. Ke2 Kg6 95. Kf3 Kf6 96. Rb5 Ke6 97. Ke2 Kf6 98. Kd3
Ke6 99. Rh5 Kf6 100. Rb5 Ke6 101. Ke4 Kf6 102. Rb6+ Kg5 103. Kf3 Kf5 104. Rb5+
Ke6 105. Ke2 Kf6 106. Kd3 1/2-1/2

[Event "Women's Speed Chess Q6"]
[Site "chess.com INT"]
[Date "2021.06.05"]
[Round "12"]
[White "Smietanska, Wiktoria"]
[Black "Komiagina, Maria"]
[Result "1-0"]
[WhiteTitle "CM"]
[BlackTitle "WIM"]
[WhiteElo "1802"]
[BlackElo "2241"]
[WhiteFideId "21869359"]
[BlackFideId "4153987"]
[EventDate "2021.06.05"]

1. c4 Nf6 2. Nc3 e5 3. Nf3 Nc6 4. e4 Bb4 5. d3 h6 6. a3 Bxc3+ 7. bxc3 d6 8. g3
Bg4 9. h3 Be6 10. Bg2 Qd7 11. g4 Ne7 12. O-O Ng6 13. Nh2 O-O-O 14. Rb1 h5 15. g5
Nh7 16. Qb3 b6 17. Qb5 Qxb5 18. cxb5 h4 19. d4 Bc4 20. Re1 Nf4 21. Bxf4 exf4 22.
Nf3 Rhe8 23. Nxh4 Nxg5 24. Nf5 g6 25. h4 Nh7 26. Bh3 Kb7 27. Nh6 Bd3 28. Rb2 Rd7
29. Bxd7 1-0

[Event "Women's Speed Chess Q6"]
[Site "chess.com INT"]
[Date "2021.06.05"]
[Round "12"]
[White "Linares Napoles, Oleiny"]
[Black "Dauletova, Gulmira"]
[Result "1-0"]
[WhiteTitle "WGM"]
[BlackTitle "WGM"]
[WhiteElo "2255"]
[BlackElo "2257"]
[WhiteFideId "3504794"]
[BlackFideId "13702971"]
[EventDate "2021.06.05"]

1. d4 Nf6 2. Bf4 d5 3. e3 e6 4. Nd2 Bd6 5. c3 O-O 6. Bd3 c5 7. Bxd6 Qxd6 8. f4
cxd4 9. cxd4 b6 10. Qe2 Nc6 11. a3 Bd7 12. Ngf3 Rfc8 13. O-O Na5 14. b4 Nc4 15.
Nxc4 dxc4 16. Bxc4 Ne4 17. Rac1 Ba4 18. Ne5 f6 19. Nf3 Kh8 20. Nd2 Nxd2 21. Qxd2
b5 22. Bd3 a5 23. Rxc8+ Rxc8 24. Rc1 Rxc1+ 25. Qxc1 g6 26. Qc5 Qxc5 27. dxc5 Bb3
28. c6 Bd5 29. Bxb5 axb4 30. axb4 Kg7 31. c7 Bb7 32. Bd7 e5 33. b5 exf4 34. exf4
Kf7 35. c8=Q Bxc8 36. Bxc8 Ke7 37. b6 Kd6 1-0

[Event "Women's Speed Chess Q6"]
[Site "chess.com INT"]
[Date "2021.06.05"]
[Round "12"]
[White "Tokhirjonova, Gulrukhbegim"]
[Black "Sukandar, Irine Kharisma"]
[Result "1-0"]
[WhiteTitle "WGM"]
[BlackTitle "IM"]
[WhiteElo "2344"]
[BlackElo "2413"]
[WhiteFideId "14203626"]
[BlackFideId "7101937"]
[EventDate "2021.06.05"]

1. e4 e5 2. Nf3 d6 3. d4 exd4 4. Nxd4 Nf6 5. Nc3 Be7 6. Be2 O-O 7. Be3 Re8 8. g4
Bf8 9. f3 d5 10. g5 dxe4 11. f4 Nd5 12. Nxd5 Qxd5 13. c4 Bb4+ 14. Kf2 Qd8 15.
Qb3 Na6 16. Rad1 Qe7 17. a3 Bc5 18. h4 Bxd4 19. Rxd4 Nc5 20. Qc3 Bf5 21. Rhd1
Nd3+ 22. Kg3 Rad8 23. b4 Rxd4 24. Qxd4 b6 25. Bd2 e3 26. Bc3 f6 27. Rxd3 Bxd3
28. Qxd3 Rd8 29. Qf5 g6 30. Qxf6 Qxf6 31. gxf6 c5 32. Kf3 Kf7 33. Kxe3 cxb4 34.
axb4 Ra8 35. Bf3 Rc8 36. Bd5+ Kf8 37. Be5 1-0

[Event "Women's Speed Chess Q6"]
[Site "chess.com INT"]
[Date "2021.06.05"]
[Round "12"]
[White "Antolak, Julia"]
[Black "Nguyen, Hong Anh"]
[Result "1-0"]
[WhiteTitle "WIM"]
[BlackTitle "WIM"]
[WhiteElo "2309"]
[BlackElo "1993"]
[WhiteFideId "1159569"]
[BlackFideId "12406732"]
[EventDate "2021.06.05"]

1. e4 c5 2. Nf3 Nc6 3. Bb5 g6 4. Bxc6 bxc6 5. O-O Bg7 6. h3 Nf6 7. d3 O-O 8. Re1
Rb8 9. Nbd2 d5 10. e5 Ne8 11. Rb1 Nc7 12. b3 Nb5 13. Bb2 Qa5 14. a4 Nc3 15. Bxc3
Qxc3 16. Qe2 Ba6 17. Qe3 Qxc2 18. d4 c4 19. bxc4 Rxb1 20. Rxb1 Bxc4 21. Rb7 Qxa4
22. e6 Qd1+ 23. Kh2 Qe2 24. Nxc4 Qxc4 25. Rxe7 a5 26. exf7+ Kh8 27. Re8 Qb4 28.
Ng5 Qd6+ 29. g3 h6 30. Ne6 1-0

[Event "Women's Speed Chess Q6"]
[Site "chess.com INT"]
[Date "2021.06.05"]
[Round "12"]
[White "Eswaran, Ashritha"]
[Black "Perez Rodriguez, Jennifer"]
[Result "0-1"]
[WhiteTitle "WIM"]
[BlackTitle "WIM"]
[WhiteElo "2244"]
[BlackElo "2251"]
[WhiteFideId "2080788"]
[BlackFideId "3507831"]
[EventDate "2021.06.05"]

1. e4 e5 2. Nf3 Nc6 3. d4 exd4 4. Nxd4 Bb4+ 5. c3 Bc5 6. Be3 Bb6 7. Be2 Nf6 8.
f3 O-O 9. O-O d5 10. exd5 Nxd5 11. Bf2 Re8 12. Bc4 Ne5 13. Bxd5 Qxd5 14. Na3 Bd7
15. Nac2 Rad8 16. Ne3 Qd6 17. Nec2 Qf6 18. f4 Qxf4 19. Bg3 Qg5 20. Bxe5 Qxe5 21.
Kh1 c5 22. Nf3 Qh5 23. Qc1 Bc7 24. Qg5 Qxg5 25. Nxg5 f6 26. Nf3 Re2 27. Na3 Rxb2
28. Rfb1 Rxb1+ 29. Rxb1 Bc6 30. Nc4 b5 31. Na3 a6 32. Re1 Kf7 33. Nc2 Rd3 34.
Ne3 Bxf3 35. gxf3 Be5 36. c4 b4 37. Nd5 Rxf3 38. Rd1 Rf2 39. Kg1 Rxh2 40. Ne3
Rxa2 41. Rd7+ Kg6 42. Nd5 Bd4+ 43. Kf1 b3 44. Nf4+ Kf5 45. Nd3 b2 46. Nxb2 Rxb2
47. Rxg7 h5 0-1

[Event "Women's Speed Chess Q6"]
[Site "chess.com INT"]
[Date "2021.06.05"]
[Round "12"]
[White "Batsiashvili, Nino"]
[Black "Kotepalli, Sai Nirupama"]
[Result "1-0"]
[WhiteTitle "GM"]
[BlackTitle "WFM"]
[WhiteElo "2491"]
[BlackElo "1914"]
[WhiteFideId "13602993"]
[BlackFideId "5039444"]
[EventDate "2021.06.05"]

1. d4 g6 2. Nf3 Bg7 3. g3 e6 4. Bg2 Ne7 5. O-O d5 6. b3 O-O 7. Bb2 c5 8. e3 Nbc6
9. Qe2 cxd4 10. exd4 Nf5 11. Rd1 Re8 12. Ne5 Nxe5 13. dxe5 Qc7 14. Na3 Bd7 15.
c4 dxc4 16. Nxc4 Bb5 17. Rac1 Rac8 18. Qg4 Bxc4 19. Rxc4 Qe7 20. Rdc1 Rcd8 21.
Rc7 Rd7 22. Qc4 Red8 23. Rxd7 Qxd7 24. Bf3 h5 25. Kg2 b6 26. Rd1 Qc8 27. Qxc8
Rxc8 28. Be4 Rc7 29. a4 Rc5 30. Rd8+ Kh7 31. Rd7 Nh6 32. Rxa7 Bxe5 33. b4 Rc4
34. Bd3 1-0